| Tag |
First Indicator |
Second Indicator |
Subfields |
| LEADER |
00000cam a2200000 a 4500 |
| 001 |
in00002402221 |
| 005 |
20170612121300.0 |
| 008 |
080829s2004 pl a 000 d pol c |
| 020 |
|
|
|a 8373898735
|
| 020 |
|
|
|a 9788373898738
|
| 035 |
|
|
|a (OCoLC)ocn244632360
|
| 040 |
|
|
|a TXA
|c TXA
|d UtOrBLW
|
| 041 |
1 |
|
|a pol
|h eng
|
| 042 |
|
|
|a pcc
|
| 043 |
|
|
|a e-uk---
|
| 049 |
|
|
|a TXAM
|
| 050 |
|
4 |
|a PR2795.S4
|b S56 2004 t. 6
|
| 100 |
1 |
|
|a Shakespeare, William,
|d 1564-1616.
|
| 240 |
1 |
0 |
|a Plays.
|k Selections.
|l Polish
|
| 245 |
1 |
0 |
|a Tragedie.
|n 2 /
|c William Shakespeare ; przełożył: Maciej Słomczyński.
|
| 264 |
|
1 |
|a Kraków :
|b Zielona Sowa,
|c [2004]
|
| 264 |
|
4 |
|c ©2004
|
| 300 |
|
|
|a 684 pages :
|b illustrations ;
|c 22 cm.
|
| 336 |
|
|
|a text
|b txt
|2 rdacontent
|
| 337 |
|
|
|a unmediated
|b n
|2 rdamedia
|
| 338 |
|
|
|a volume
|b nc
|2 rdacarrier
|
| 490 |
1 |
|
|a Dzieła wszystkie / William Shakespeare ;
|v t. 6
|
| 500 |
|
|
|a "Ilustracje: H.C. Selous, zaczerpnięte z edycji: W. Shakespeare, Dzieła dramatyczne, Warszawa, 1875".--Title page verso.
|
| 505 |
0 |
|
|a Timon z Aten -- Król Lear -- Makbet -- Antoniusz i Kleopatra -- Coriolanus.
|
| 600 |
1 |
0 |
|a Shakespeare, William,
|d 1564-1616
|v Translations into Polish.
|
| 650 |
|
0 |
|a English drama (Tragedy)
|y 17th century
|v Translations into Polish.
|
| 700 |
1 |
|
|a Słomczyński, Maciej,
|d 1920-1998.
|
| 700 |
1 |
|
|a Selous, Henry Courtney,
|d 1803-1890.
|
| 700 |
1 |
2 |
|a Shakespeare, William,
|d 1564-1616.
|t Timon of Athens.
|l Polish.
|
| 700 |
1 |
2 |
|a Shakespeare, William,
|d 1564-1616.
|t King Lear.
|l Polish.
|
| 700 |
1 |
2 |
|a Shakespeare, William,
|d 1564-1616.
|t Macbeth.
|l Polish.
|
| 700 |
1 |
2 |
|a Shakespeare, William,
|d 1564-1616.
|t Antony and Cleopatra.
|l Polish.
|
| 700 |
1 |
2 |
|a Shakespeare, William,
|d 1564-1616.
|t Coriolanus.
|l Polish.
|
| 740 |
0 |
2 |
|a Timon z Aten.
|
| 740 |
0 |
2 |
|a Król Lear.
|
| 740 |
0 |
2 |
|a Makbet.
|
| 740 |
0 |
2 |
|a Antoniusz i Kleopatra.
|
| 740 |
0 |
2 |
|a Coriolanus.
|
| 800 |
1 |
|
|a Shakespeare, William,
|d 1564-1616.
|t Works.
|l Polish.
|f 2004 ;
|v t. 6.
|
| 936 |
|
|
|a PR 69310854
|
| 948 |
|
|
|a cataloged
|b h
|c 2008/8/29
|d o
|e jmarner
|f 10:33:33 am
|
| 994 |
|
|
|a C0
|b TXA
|
| 999 |
|
|
|a MARS
|
| 999 |
f |
f |
|s 15167ee5-ae0f-3a1c-a32e-a0da3a367a41
|i 2f6a20b8-cab6-3a3d-8b99-6435d7f241e0
|t 0
|
| 952 |
f |
f |
|p normal
|a Texas A&M University
|b College Station
|c Sterling C. Evans Library
|d Evans: Library Stacks
|t 0
|e PR2795.S4 S56 2004 t.6
|h Library of Congress classification
|i unmediated -- volume
|m A14837312621
|
| 998 |
f |
f |
|a PR2795.S4 S56 2004 t.6
|t 0
|l Evans: Library Stacks
|